Mezinárodní právo veřejné

Bibliographic Details
Main Author: Potočný, Miroslav, 1925-2001 (Author)
Format: Book
Language:Czech
PhysicalDescription:465 s. 8°
Published: Praha Orbis 1973
Edition:1. vyd.
Series:Právnická edice Učebnice
Subjects:

MARC

LEADER 00000cam a2200000 a 4500
001 vtls001305095
003 SK-MaSNL
005 20260301155703.0
008 240226s1973 xr f np 001 0 cze
015 |a SNBA1973 
020 |q (viazané) 
035 |a SNK000257315 
035 |a 8FB593A9-C652-4782-ACCB-99F741C89306 
035 |a urn:nbn:sk:snk-am00iiou 
040 |a SNK  |b slo  |c SNK  |e AACR2 
041 0 |a cze 
044 |a xr  |c CZ 
072 7 |a 341  |x Medzinárodné právo  |2 konspekt 
080 |a 341.1/.8  |2 2001 
080 |a (075.8)  |2 2001 
100 1 |a Potočný, Miroslav,  |d 1925-2001  |4 aut  |9 296121 
245 1 |a Mezinárodní právo veřejné  |c Miroslav Potočný 
250 |a 1. vyd. 
260 |a Praha  |b Orbis  |c 1973 
300 |a 465 s.  |c 8° 
366 |e 6000 výtl. 
490 1 |a Právnická edice. Učebnice 
504 |a Obsahuje bibliografiu, bibliografické odkazy a register 
650 0 7 |a medzinárodné právo verejné  |2 SNKPH  |9 2240 
655 7 |a učebnice vysokých škôl  |2 SNKPH  |9 70191 
830 0 |a Právnická edice  |p Učebnice  |9 391813 
852 |a Slovenská národná knižnica 
954 |a odborná, vedecká literatúra pôvodná (slovenská)  |2 lita 
999 |c 802249  |d 804179 
952 |t P60, <04>, [BOOK], {604}  |a SNK  |b SNK  |y VYP  |7 0  |p 17A0101600  |o snkSC 32567 D1  |0 0  |1 0  |4 0  |d 1997-10-02  |l 0  |r 2005-01-02 00:00:00  |w 2026-02-24 
952 |a SNK  |b SNK  |y PREZ  |7 0  |p 17A0927725  |o snkSC 32567  |i snkKIP 677/74  |0 0  |1 0  |4 0  |d 2012-09-27  |f 1  |l 0  |r 2025-09-30 00:00:00  |w 2026-02-24